000 00510nam a2200181Ia 4500
003 LK-CoDNM
008 010623t xxu||||| |||| 00| 1 sin d
040 _aLK-CoDNM
_dLK-CoDNM
_eLK-CoDNM
041 _asin
080 _a294.3 SWA
100 _aSwarnasingha,K.M.I.
245 _aඅනුරාධපුර ජය ශ්‍රි මහා බෝධිය
246 _aAnuradhapaura Jaya Sri Maha Bhodiya
260 _bChaga
_aPannipitiya
300 _b79p,ill., 21 cm
650 _aBuddhism
942 _cBK
999 _c137066
_d137066